Chansons les plus streamées : Vianney - Statistiques

Statistiques générales
  • Ce quiz a été pris 198 fois
  • Le résultat moyen est 5 sur 10
Statistiques - réponses
Nb de streams Chanson % Correct
65 500 000 beau-papa
93%
89 500 000 Je m'en vais
84%
25 000 000 Pas là
81%
127 500 000 La même (avec GIMS)
70%
24 500 000 Dumbo
65%
34 000 000 Le feu (avec Kendji Girac)
38%
49 500 000 Les filles d'aujourd'hui (avec Joyce Jonathan)
34%
35 000 000 Moi aimer toi
34%
35 000 000 Call on me (feat. Ed Sheeran)
30%
43 500 000 Allez reste (avec Boulevard des Airs)
16%
Aucun quiz correspondant
Distribution des résultats
% des personnes avec chaque résultat
Percentile par nombre de réponses
Votre historique - résultats
Vous n’avez pas pris ce quiz